|
|
|
|
| LEADER |
00000nam0a2200000 4500 |
| 001 |
302500 |
| 005 |
20231102001517.0 |
| 035 |
|
|
|a (RuTPU)RU\TPU\book\327707
|
| 090 |
|
|
|a 302500
|
| 100 |
|
|
|a 20150824d1982 km y0rusy50 ca
|
| 101 |
0 |
|
|a rus
|
| 102 |
|
|
|a KZ
|
| 105 |
|
|
|a a z 001zy
|
| 200 |
1 |
|
|a Исследования по теории моделей
|f Казахский государственный университет (КазГУ) ; под ред. М. А. Тайцлина
|
| 210 |
|
|
|a Алма-Ата
|c Изд-во КазГУ
|d 1982
|
| 215 |
|
|
|a 71 с.
|c ил.
|
| 320 |
|
|
|a Библиогр. в конце ст.
|
| 606 |
1 |
|
|a Операций исследование
|x Математические модели
|2 stltpush
|3 (RuTPU)RU\TPU\subj\13252
|9 39899
|
| 610 |
1 |
|
|a теория моделей
|
| 610 |
1 |
|
|a спектры
|
| 610 |
1 |
|
|a абелевы группы
|
| 610 |
1 |
|
|a полнота
|
| 610 |
1 |
|
|a счетные фрагменты
|
| 610 |
1 |
|
|a конечная покрываемость
|
| 610 |
1 |
|
|a дистрибутивные решетки
|
| 610 |
1 |
|
|a программные логики
|
| 675 |
|
|
|a 519.87
|v 4
|
| 702 |
|
1 |
|a Тайцлин
|b М. А.
|4 340
|
| 712 |
0 |
2 |
|a Казахский государственный университет (КазГУ)
|c (Алма-Ата)
|2 stltpush
|3 (RuTPU)RU\TPU\col\8922
|
| 801 |
|
1 |
|a RU
|b 63413507
|c 20150824
|
| 801 |
|
2 |
|a RU
|b 63413507
|c 20190410
|g RCR
|
| 942 |
|
|
|c BK
|